[Event "Manitoba-ch U20"]
[Site "Winnipeg CAN"]
[Date "1997.09.14"]
[Round "3"]
[White "Piche, Jeremie"]
[Black "Henson, Joshua"]
[Result "1/2-1/2"]
[WhiteElo "1739"]
[BlackElo "1993"]
[PlyCount "26"]
[GameId "2160767911932057"]
[EventDate "1997.09.13"]
[EventType "swiss"]
[EventRounds "4"]
[EventCountry "CAN"]

1. e4 d5 2. exd5 Nf6 3. d4 Bg4 4. Bb5+ Nbd7 5. Nf3 a6 6. Be2 Nxd5 7. c4 N5f6 8. Nc3 g6 9. O-O Bg7 10. Bf4 O-O 11. h3 Bxf3 12. Bxf3 Rb8 13. Re1 Nb6 1/2-1/2

[Event "Manitoba-ch U20"]
[Site "Winnipeg CAN"]
[Date "1997.09.14"]
[Round "3"]
[White "Sliwowski, Paul"]
[Black "Lipnowski, Michael"]
[Result "0-1"]
[WhiteElo "1339"]
[BlackElo "1573"]
[PlyCount "78"]
[GameId "2160767911932058"]
[EventDate "1997.09.13"]
[EventType "swiss"]
[EventRounds "4"]
[EventCountry "CAN"]

1. e4 c5 2. g3 e6 3. f4 Nc6 4. Nc3 Nge7 5. d3 g6 6. Nf3 Bg7 7. Bg2 d6 8. Be3 Rb8 9. O-O b5 10. Qd2 b4 11. Ne2 O-O 12. f5 exf5 13. Bh6 fxe4 14. dxe4 Bxb2 15. e5 Re8 16. Rad1 dxe5 17. Nxe5 Bxe5 18. Bd5 Nxd5 19. Qxd5 Qxd5 20. Rxd5 Nd4 21. Rd1 Nxe2+ 22. Kg2 Bb7 23. Kf1 Bxd5 24. Rxd5 Bd4 25. h4 Nxg3+ 26. Kg2 Nf5 27. Bg5 Ne3+ 28. Bxe3 Rxe3 29. h5 Rbe8 30. h6 Re2+ 31. Kf3 Rxc2 32. Rd7 Re3+ 33. Kf4 Rf2+ 34. Kg5 f6+ 35. Kg4 Be5 36. Rd8+ Kf7 37. Rd7+ Ke6 38. Rxh7 Rg3+ 39. Kh4 Rh2# 0-1

[Event "Manitoba-ch U20"]
[Site "Winnipeg CAN"]
[Date "1997.09.14"]
[Round "3"]
[White "Walker, Adam"]
[Black "Gajardo, Alex"]
[Result "1-0"]
[WhiteElo "1506"]
[BlackElo "1638"]
[PlyCount "111"]
[GameId "2160767911932059"]
[EventDate "1997.09.13"]
[EventType "swiss"]
[EventRounds "4"]
[EventCountry "CAN"]

1. e4 d6 2. d4 Nd7 3. Nc3 g6 4. f4 Bg7 5. Nf3 c5 6. Bb5 cxd4 7. Nxd4 a6 8. Bxd7+ Bxd7 9. Be3 Nf6 10. h3 Qc7 11. Qd2 e5 12. Nde2 Bc6 13. Ng3 Rd8 14. Qf2 exf4 15. Qxf4 O-O 16. Bd4 Qe7 17. Rf1 Nd5 18. Nxd5 Bxd5 19. Qe3 Rfe8 20. Bxg7 Kxg7 21. Qd4+ Qe5 22. O-O-O Bxe4 23. Qxe5+ Rxe5 24. Rfe1 f5 25. Rd4 d5 26. c4 Kf6 27. Nxe4+ Rxe4 28. Rexe4 fxe4 29. Kd2 Ke5 30. Ke3 Rd6 31. cxd5 Rxd5 32. Rxe4+ Kf6 33. Rf4+ Ke6 34. Rb4 Re5+ 35. Re4 Kd5 36. Rxe5+ Kxe5 37. a4 g5 38. a5 h5 39. b3 g4 40. hxg4 hxg4 41. g3 Kf5 42. Kd4 Kf6 43. Ke4 Kg5 44. Ke5 Kg6 45. Kf4 Kh5 46. Kf5 Kh6 47. Kxg4 Kg6 48. Kf4 Kf6 49. g4 Kg6 50. g5 Kg7 51. Kf5 Kf7 52. g6+ Kg7 53. Kg5 Kg8 54. Kf6 Kf8 55. g7+ Kg8 56. b4 1-0

[Event "Manitoba-ch U20"]
[Site "Winnipeg CAN"]
[Date "1997.09.14"]
[Round "3"]
[White "Walker, Erin"]
[Black "Tetrault, Robert"]
[Result "1-0"]
[WhiteElo "1664"]
[BlackElo "1722"]
[PlyCount "75"]
[GameId "2160767911932060"]
[EventDate "1997.09.13"]
[EventType "swiss"]
[EventRounds "4"]
[EventCountry "CAN"]

1. e4 e5 2. Nf3 Nc6 3. Bc4 Nf6 4. d3 Be7 5. Nc3 d6 6. h3 O-O 7. O-O Be6 8. Bb3 Bxb3 9. axb3 d5 10. Bg5 d4 11. Bxf6 Bxf6 12. Ne2 Re8 13. Qd2 a6 14. Ng3 g6 15. Ne2 Qe7 16. Nh2 Rad8 17. f4 exf4 18. Nxf4 Bg5 19. Qf2 Bxf4 20. Qxf4 Qe5 21. Qxf7+ Kh8 22. Qf6+ Qxf6 23. Rxf6 Rf8 24. Raf1 Rxf6 25. Rxf6 Kg7 26. Rf2 Rf8 27. Re2 Ne5 28. Rf2 Rf6 29. Nf3 Nxf3+ 30. Rxf3 c5 31. Kf2 Re6 32. Kg3 g5 33. Rf5 Kg6 34. Rxc5 Rd6 35. Rd5 Rxd5 36. exd5 Kf5 37. d6 Ke6 38. Kg4 1-0

[Event "Manitoba-ch U20"]
[Site "Winnipeg CAN"]
[Date "1997.09.14"]
[Round "4"]
[White "Henson, Joshua"]
[Black "Walker, Erin"]
[Result "1-0"]
[WhiteElo "1993"]
[BlackElo "1664"]
[PlyCount "109"]
[GameId "2160767911932061"]
[EventDate "1997.09.13"]
[EventType "swiss"]
[EventRounds "4"]
[EventCountry "CAN"]

1. e4 e5 2. Nf3 Nc6 3. Bb5 a6 4. Bxc6 dxc6 5. O-O f6 6. d4 Bg4 7. dxe5 Qxd1 8. Rxd1 fxe5 9. Rd3 Bd6 10. Bg5 Nf6 11. Nbd2 O-O 12. Rd1 Rae8 13. Re1 b5 14. h3 Be6 15. Bxf6 Rxf6 16. Ng5 Bc8 17. Ngf3 Ref8 18. a4 Bb4 19. c3 Bd6 20. Ra1 Bc5 21. b3 Bd6 22. Rc1 Re8 23. c4 Bb4 24. c5 Bxd2 25. Nxd2 Ref8 26. Rf1 Rg6 27. a5 Rgf6 28. f3 Rg6 29. Kf2 Rgf6 30. Rd1 Re8 31. Nf1 Kf8 32. Ne3 Be6 33. Nc2 Bc8 34. Nb4 Kf7 35. Rd8 Ke7 36. Rxe8+ Kxe8 37. h4 h6 38. h5 Ke7 39. Ke3 g5 40. hxg6 Rxg6 41. Kf2 Bb7 42. Rh1 Kf7 43. g3 Rf6 44. Ke3 Rg6 45. Rh3 Bc8 46. g4 Kg7 47. Rh1 Rf6 48. Rh5 Be6 49. Rxe5 Bxb3 50. Re7+ Kf8 51. Rxc7 Bd1 52. f4 Bxg4 53. Nxa6 Ke8 54. Nb4 Bd7 55. a6 1-0

[Event "Manitoba-ch U20"]
[Site "Winnipeg CAN"]
[Date "1997.09.14"]
[Round "4"]
[White "Lipnowski, Michael"]
[Black "Huggan, Philip"]
[Result "1-0"]
[WhiteElo "1573"]
[BlackElo "1553"]
[PlyCount "57"]
[GameId "2160767911932062"]
[EventDate "1997.09.13"]
[EventType "swiss"]
[EventRounds "4"]
[EventCountry "CAN"]

1. d4 Nf6 2. c4 c5 3. d5 e6 4. Nc3 exd5 5. cxd5 d6 6. e4 g6 7. f4 Bg7 8. Bb5+ Nfd7 9. Nf3 O-O 10. O-O a6 11. Bd3 b5 12. a3 c4 13. Bc2 Nc5 14. Be3 Nbd7 15. Bd4 Re8 16. Bxg7 Kxg7 17. Qd4+ Kg8 18. Rad1 Qb6 19. Ng5 Nb7 20. Qxb6 Nxb6 21. e5 Bg4 22. Rd4 Nc5 23. Nce4 Nxe4 24. Nxe4 dxe5 25. Nf6+ Kh8 26. fxe5 Red8 27. Nxg4 Nxd5 28. Rfd1 c3 29. bxc3 1-0

[Event "Manitoba-ch U20"]
[Site "Winnipeg CAN"]
[Date "1997.09.14"]
[Round "4"]
[White "Lipnowski, Samuel"]
[Black "Piche, Jeremie"]
[Result "1-0"]
[WhiteElo "1675"]
[BlackElo "1739"]
[PlyCount "61"]
[GameId "2160767911932063"]
[EventDate "1997.09.13"]
[EventType "swiss"]
[EventRounds "4"]
[EventCountry "CAN"]

1. c4 e5 2. g3 Nf6 3. Bg2 Nc6 4. d3 d6 5. Nc3 Be7 6. e3 O-O 7. Nge2 Bf5 8. a3 Re8 9. b4 Qd7 10. b5 Nd8 11. O-O a6 12. Bb2 axb5 13. cxb5 c6 14. bxc6 bxc6 15. e4 Be6 16. d4 Rb8 17. Qd2 exd4 18. Nxd4 d5 19. exd5 Nxd5 20. Nxe6 Nxe6 21. Rfd1 Nec7 22. Nxd5 Nxd5 23. Be5 Rbd8 24. Rab1 Bxa3 25. Qg5 Bf8 26. Bf6 Rb8 27. Rbc1 Rb5 28. Ba1 Re6 29. Bh3 Rg6 30. Qxg6 hxg6 31. Bxd7 1-0

[Event "Manitoba-ch U20"]
[Site "Winnipeg CAN"]
[Date "1997.09.14"]
[Round "4"]
[White "Piche, Travis"]
[Black "Walker, Adam"]
[Result "1-0"]
[WhiteElo "1554"]
[BlackElo "1506"]
[PlyCount "87"]
[GameId "2160767911932064"]
[EventDate "1997.09.13"]
[EventType "swiss"]
[EventRounds "4"]
[EventCountry "CAN"]

1. e4 d6 2. d4 Nf6 3. Nc3 g6 4. Nf3 Bg7 5. Be3 O-O 6. Bc4 Bg4 7. h3 Bxf3 8. Qxf3 Nbd7 9. O-O-O Qc8 10. h4 c5 11. Bd5 Nb6 12. Bg5 cxd4 13. Rxd4 Nxe4 14. Rxe4 Bxc3 15. Rxe7 Nxd5 16. Qxd5 Be5 17. Bh6 Bg7 18. Bxg7 Kxg7 19. h5 Qg4 20. h6+ Kg8 21. Rxb7 Qf4+ 22. Qd2 Qe4 23. Qc3 Qe5 24. Qxe5 dxe5 25. Re7 Rfe8 26. Rxe8+ Rxe8 27. c4 Rc8 28. b3 a5 29. Kd2 Rd8+ 30. Ke3 f5 31. Ke2 Rc8 32. Rc1 Rc6 33. c5 Kf7 34. Kd3 Rc8 35. Rc2 Ke6 36. Kc4 Rb8 37. a3 g5 38. b4 axb4 39. axb4 Rd8 40. c6 Rc8 41. Kc5 Ke7 42. b5 Kd8 43. b6 Ra8 44. b7 1-0

[Event "Manitoba-ch reserves"]
[Site "Winnipeg CAN"]
[Date "1997.02.07"]
[Round "1"]
[White "Gannon, Keith"]
[Black "Schulz, Waldemar"]
[Result "0-1"]
[WhiteElo "1698"]
[BlackElo "2009"]
[PlyCount "116"]
[GameId "2160767911966498"]
[EventDate "1997.02.07"]
[EventType "swiss"]
[EventRounds "5"]
[EventCountry "CAN"]

1. e4 c5 2. Nf3 e6 3. d4 cxd4 4. Nxd4 Nf6 5. Nc3 d6 6. Bg5 a6 7. Be2 Nbd7 8. O-O Qc7 9. Bxf6 Nxf6 10. Re1 Be7 11. a3 O-O 12. Nf3 b5 13. Bd3 Bb7 14. Qe2 Nd7 15. Rad1 Bf6 16. Qd2 Rac8 17. Bf1 Bxc3 18. Qxc3 Qxc3 19. bxc3 d5 20. exd5 Bxd5 21. Re3 Nb6 22. Ne5 Rc7 23. Rd4 Rfc8 24. c4 Nxc4 25. Nxc4 Bxc4 26. Rc3 Kf8 27. a4 Bxf1 28. Rxc7 Rxc7 29. Kxf1 Rxc2 30. axb5 axb5 31. Rd8+ Ke7 32. Rb8 Rb2 33. Rb7+ Kf6 34. g3 e5 35. h4 h5 36. Ke1 g6 37. Rb6+ Kf5 38. Rb7 f6 39. Rd7 b4 40. Rd3 Rc2 41. Rb3 Rc4 42. Kd2 Kg4 43. Ke2 f5 44. Kf1 f4 45. Kg1 fxg3 46. Rxg3+ Kf5 47. Rf3+ Rf4 48. Rh3 Ke4 49. Rb3 Kd5 50. Kg2 Rg4+ 51. Kh3 Kc4 52. Re3 e4 53. f3 exf3 54. Rxf3 b3 55. Rf7 b2 56. Rc7+ Kb3 57. Rb7+ Rb4 58. Rxb4+ Kxb4 0-1

[Event "Manitoba-ch reserves"]
[Site "Winnipeg CAN"]
[Date "1997.02.07"]
[Round "1"]
[White "Guenther, Don"]
[Black "Lukic, Luka"]
[Result "1-0"]
[WhiteElo "1681"]
[BlackElo "1950"]
[PlyCount "75"]
[GameId "2160767911966499"]
[EventDate "1997.02.07"]
[EventType "swiss"]
[EventRounds "5"]
[EventCountry "CAN"]

1. Nf3 Nc6 2. e4 e5 3. c3 Nf6 4. d3 Bc5 5. Bg5 d6 6. Be2 O-O 7. O-O Qe7 8. Qc2 Nd8 9. d4 exd4 10. cxd4 Bb6 11. e5 Bxd4 12. exf6 Bxf6 13. Bxf6 Qxf6 14. Bd3 g6 15. Re1 c6 16. Nbd2 d5 17. Re5 Ne6 18. Rae1 Nf4 19. b4 Bg4 20. h3 Nxh3+ 21. gxh3 Bxf3 22. Nxf3 Qxf3 23. R1e3 Qf6 24. Qe2 b5 25. Rf3 Qd6 26. Qe1 a5 27. bxa5 b4 28. a6 c5 29. Qe3 c4 30. Bb1 Rxa6 31. Qd4 Ra5 32. h4 h5 33. Rxh5 gxh5 34. Rf6 Re8 35. Rxd6 Re1+ 36. Kg2 Rxb1 37. Rd8+ Kh7 38. Qf6 1-0

[Event "Manitoba-ch reserves"]
[Site "Winnipeg CAN"]
[Date "1997.02.07"]
[Round "1"]
[White "Lauritson, Jim"]
[Black "Gibson, Kris"]
[Result "1-0"]
[WhiteElo "2027"]
[BlackElo "1809"]
[PlyCount "113"]
[GameId "2160767911966500"]
[EventDate "1997.02.07"]
[EventType "swiss"]
[EventRounds "5"]
[EventCountry "CAN"]

1. e4 e5 2. Bc4 Nf6 3. d3 Nc6 4. Nf3 d6 5. Ng5 d5 6. exd5 Na5 7. O-O Nxc4 8. dxc4 Bd6 9. h3 O-O 10. Nc3 h6 11. Nf3 Re8 12. Qe2 Bf5 13. Bd2 Bxc2 14. Bxh6 e4 15. Qxc2 exf3 16. Bg5 fxg2 17. Kxg2 Re5 18. f4 Rxg5+ 19. fxg5 Nh5 20. Qf5 Ng3 21. Qxf7+ Kh8 22. h4 Nxf1 23. Rxf1 Qe8 24. Qxe8+ Rxe8 25. Kf3 Be5 26. Rf2 Rf8+ 27. Kg2 Ra8 28. Re2 Bf4 29. Re4 Rf8 30. Ne2 Bd6 31. Nd4 Kh7 32. Ne6 Rf5 33. Re3 Rf7 34. Rf3 Rd7 35. Nf8+ Bxf8 36. Rxf8 c6 37. dxc6 bxc6 38. b3 Rd2+ 39. Rf2 Rd3 40. Re2 Kg8 41. Re6 Rd2+ 42. Kg3 Rxa2 43. g6 Kf8 44. Rxc6 Ra3 45. Rc7 Rxb3+ 46. Kg4 a5 47. Rf7+ Kg8 48. Ra7 Kf8 49. Rxa5 Rc3 50. Rf5+ Ke8 51. c5 Rc1 52. h5 Rg1+ 53. Kf4 Rd1 54. Ke5 Rd2 55. c6 Kd8 56. Ke6 Rc2 57. Kf7 1-0

[Event "Manitoba-ch reserves"]
[Site "Winnipeg CAN"]
[Date "1997.02.07"]
[Round "1"]
[White "Llanillos, Ruben"]
[Black "Ott, Richard"]
[Result "1-0"]
[WhiteElo "1738"]
[BlackElo "1450"]
[PlyCount "95"]
[GameId "2160767911966501"]
[EventDate "1997.02.07"]
[EventType "swiss"]
[EventRounds "5"]
[EventCountry "CAN"]

1. e4 c5 2. Nf3 d6 3. d4 cxd4 4. Nxd4 Nf6 5. Nc3 g6 6. Be2 Bg7 7. Be3 O-O 8. O-O Nc6 9. Nb3 a6 10. f4 Qc7 11. g4 Na5 12. g5 Nxb3 13. cxb3 Nd7 14. Rc1 Qa5 15. a3 b5 16. b4 Qd8 17. Bf3 Bb7 18. h4 Nb6 19. b3 Rc8 20. Nd5 Nxd5 21. exd5 Bb2 22. Rxc8 Qxc8 23. a4 Qc3 24. Qd2 Qxd2 25. Bxd2 Bd4+ 26. Kg2 Rc8 27. Rc1 Rxc1 28. Bxc1 Bc3 29. Ba3 Bc8 30. Be4 Be1 31. Kf3 Bxh4 32. Bd3 Bd7 33. Ke3 f6 34. gxf6 Bxf6 35. Bc1 h5 36. axb5 Bxb5 37. Bxg6 h4 38. Be4 Bd7 39. Bd2 e5 40. Kf3 Kf7 41. f5 Ke7 42. Be1 Bb5 43. Kg4 Be2+ 44. Bf3 Bxf3+ 45. Kxf3 Bg5 46. Kg4 Kf6 47. Bf2 e4 48. Bd4+ 1-0

[Event "Manitoba-ch reserves"]
[Site "Winnipeg CAN"]
[Date "1997.02.07"]
[Round "1"]
[White "Roque, Rodolfo"]
[Black "Remillard, John"]
[Result "1-0"]
[WhiteElo "1948"]
[BlackElo "1653"]
[PlyCount "41"]
[GameId "2160767911966502"]
[EventDate "1997.02.07"]
[EventType "swiss"]
[EventRounds "5"]
[EventCountry "CAN"]

1. d4 c5 2. d5 g6 3. e4 Bg7 4. c3 d6 5. Bd3 Nd7 6. Nf3 Ngf6 7. Nbd2 Ng4 8. Qe2 Nde5 9. Bc2 Nxf3+ 10. Nxf3 O-O 11. h3 Ne5 12. Nxe5 Bxe5 13. Bh6 Bg7 14. Qe3 Bxh6 15. Qxh6 Qb6 16. O-O-O f5 17. h4 fxe4 18. h5 gxh5 19. Bxe4 Rf7 20. Rxh5 Qd8 21. Bxh7+ 1-0

[Event "Manitoba-ch reserves"]
[Site "Winnipeg CAN"]
[Date "1997.02.07"]
[Round "1"]
[White "Schulz, Manfred"]
[Black "Agusti, Marcos"]
[Result "1-0"]
[WhiteElo "1985"]
[BlackElo "1508"]
[PlyCount "55"]
[GameId "2160767911966503"]
[EventDate "1997.02.07"]
[EventType "swiss"]
[EventRounds "5"]
[EventCountry "CAN"]

1. d4 Nf6 2. Nf3 e6 3. Bg5 b6 4. Nbd2 Be7 5. e3 Bb7 6. Bd3 d5 7. O-O Nbd7 8. Re1 Ne4 9. Bf4 O-O 10. c3 Rc8 11. Qc2 f5 12. Ne5 Nxe5 13. Bxe5 Bd6 14. Bxd6 Qxd6 15. f3 Nf6 16. e4 fxe4 17. fxe4 Qf4 18. e5 Ne4 19. Nxe4 dxe4 20. Bxe4 Bxe4 21. Rxe4 Qf5 22. Qe2 Qg6 23. Rg4 Qh5 24. Rxg7+ Kxg7 25. Qxh5 Rf5 26. Qg4+ Kh8 27. Rf1 Rg8 28. Qe4 1-0

[Event "Manitoba-ch reserves"]
[Site "Winnipeg CAN"]
[Date "1997.02.08"]
[Round "2"]
[White "Gibson, Kris"]
[Black "Milord, Frank"]
[Result "1-0"]
[WhiteElo "1809"]
[BlackElo "1585"]
[PlyCount "29"]
[GameId "2160767911966504"]
[EventDate "1997.02.07"]
[EventType "swiss"]
[EventRounds "5"]
[EventCountry "CAN"]

1. e4 c5 2. Nf3 e6 3. c3 d5 4. e5 a6 5. d4 Nc6 6. Bd3 cxd4 7. cxd4 Qb6 8. O-O Nge7 9. Nc3 Bd7 10. Na4 Qa7 11. Nc5 Nxd4 12. Nxd7 Nxf3+ 13. Qxf3 Kxd7 14. Be3 d4 15. Bxd4 1-0

[Event "Manitoba-ch reserves"]
[Site "Winnipeg CAN"]
[Date "1997.02.08"]
[Round "2"]
[White "Guenther, Don"]
[Black "Roque, Rodolfo"]
[Result "0-1"]
[WhiteElo "1681"]
[BlackElo "1948"]
[PlyCount "52"]
[GameId "2160767911966505"]
[EventDate "1997.02.07"]
[EventType "swiss"]
[EventRounds "5"]
[EventCountry "CAN"]

1. g3 d5 2. Bg2 e5 3. d3 Bc5 4. Nf3 Nc6 5. c3 Nge7 6. O-O Bg4 7. Qc2 Qd7 8. a4 Bh3 9. e4 Rd8 10. Re1 Bxg2 11. Kxg2 O-O 12. b4 dxe4 13. dxe4 Bd6 14. Nbd2 Ng6 15. Nc4 Qg4 16. b5 Nce7 17. Ne3 Nf4+ 18. Kg1 Qxf3 19. gxf4 exf4 20. Nc4 Ng6 21. Nd2 Qg4+ 22. Kh1 f3 23. Rg1 Qh3 24. Nf1 f5 25. exf5 Rxf5 26. Ng3 Rh5 0-1

[Event "Manitoba-ch reserves"]
[Site "Winnipeg CAN"]
[Date "1997.02.08"]
[Round "2"]
[White "Llanillos, Ruben"]
[Black "Schulz, Manfred"]
[Result "0-1"]
[WhiteElo "1738"]
[BlackElo "1985"]
[PlyCount "68"]
[GameId "2160767911966506"]
[EventDate "1997.02.07"]
[EventType "swiss"]
[EventRounds "5"]
[EventCountry "CAN"]

1. e4 c5 2. Nf3 Nc6 3. d4 cxd4 4. Nxd4 Nf6 5. Nc3 e5 6. Nb3 Bb4 7. Bg5 h6 8. Bxf6 Qxf6 9. Bd3 O-O 10. O-O Bxc3 11. bxc3 d6 12. Qd2 Rd8 13. c4 Be6 14. Rab1 Qe7 15. f4 f6 16. f5 Bf7 17. c3 Rac8 18. Qe2 Nb8 19. Nd2 Rc7 20. Rb2 Nd7 21. Rfb1 Nc5 22. Bc2 Rdc8 23. h3 b6 24. a4 Nb7 25. Bd3 Na5 26. Rb4 Rc5 27. Nb3 Nxb3 28. R1xb3 Qc7 29. Qd2 Bxc4 30. Bxc4+ Rxc4 31. Rxc4 Qxc4 32. Rb4 Qxc3 33. Qd5+ Kh7 34. Rb1 Qc5+ 0-1

[Event "Manitoba-ch reserves"]
[Site "Winnipeg CAN"]
[Date "1997.02.08"]
[Round "2"]
[White "Penner, Wesley"]
[Black "Lauritson, Jim"]
[Result "0-1"]
[WhiteElo "1815"]
[BlackElo "2027"]
[PlyCount "84"]
[GameId "2160767911966507"]
[EventDate "1997.02.07"]
[EventType "swiss"]
[EventRounds "5"]
[EventCountry "CAN"]

1. e4 c5 2. Nf3 d6 3. Bc4 Nf6 4. Ng5 e6 5. d3 h6 6. Nf3 Nc6 7. O-O Be7 8. Nc3 O-O 9. a3 d5 10. exd5 exd5 11. Ba2 Bg4 12. h3 Bh5 13. Re1 Qd7 14. Bf4 a6 15. g4 Nxg4 16. hxg4 Qxg4+ 17. Bg3 Qxf3 18. Qxf3 Bxf3 19. Nxd5 Bxd5 20. Bxd5 Bf6 21. c3 Rad8 22. Be4 Rfe8 23. Bc7 Rc8 24. Bb6 Ne5 25. f4 Nd7 26. d4 Nxb6 27. dxc5 Na4 28. Bxb7 Rxe1+ 29. Rxe1 Rxc5 30. Re8+ Kh7 31. Be4+ g6 32. Rb8 Rb5 33. Rxb5 axb5 34. Bc6 Nxb2 35. Bxb5 Bxc3 36. Kf2 g5 37. f5 h5 38. Ke3 Kg7 39. Ke4 Kf6 40. Bd7 Nc4 41. a4 Nd6+ 42. Ke3 Be1 0-1

[Event "Manitoba-ch reserves"]
[Site "Winnipeg CAN"]
[Date "1997.02.08"]
[Round "2"]
[White "Schulz, Waldemar"]
[Black "Repa, Jason"]
[Result "1/2-1/2"]
[WhiteElo "2009"]
[BlackElo "1814"]
[PlyCount "75"]
[GameId "2160767911966508"]
[EventDate "1997.02.07"]
[EventType "swiss"]
[EventRounds "5"]
[EventCountry "CAN"]

1. Nf3 d5 2. d4 Nf6 3. c4 e6 4. Nc3 c5 5. Bg5 cxd4 6. Nxd4 Nc6 7. cxd5 exd5 8. e3 Be6 9. Bb5 Rc8 10. O-O a6 11. Nxc6 bxc6 12. Bxa6 Rb8 13. Qe2 Be7 14. Bd3 O-O 15. Qc2 g6 16. Rfd1 Bd6 17. Ne2 Bxh2+ 18. Kh1 Be5 19. Rab1 h6 20. Bh4 g5 21. Bg3 Ng4 22. Bh7+ Kg7 23. Bxe5+ Nxe5 24. Bf5 Qf6 25. Ng3 Bxf5 26. Qxf5 Qxf5 27. Nxf5+ Kf6 28. Nd4 Rb6 29. b3 Rg8 30. Rd2 Nc4 31. Rdd1 Ne5 32. Rb2 h5 33. Rc2 Ke7 34. Kg1 h4 35. Rdd2 Kd6 36. Nf5+ Ke6 37. Nd4+ Kd6 38. Nf5+ 1/2-1/2

[Event "Manitoba-ch reserves"]
[Site "Winnipeg CAN"]
[Date "1997.02.08"]
[Round "3"]
[White "Armstrong, Jeff"]
[Black "Gannon, Keith"]
[Result "1/2-1/2"]
[WhiteElo "1474"]
[BlackElo "1698"]
[PlyCount "121"]
[GameId "2160767911966509"]
[EventDate "1997.02.07"]
[EventType "swiss"]
[EventRounds "5"]
[EventCountry "CAN"]

1. d4 d5 2. c4 e6 3. Nc3 Nf6 4. Nf3 Be7 5. Bf4 a6 6. e3 O-O 7. Bd3 c5 8. cxd5 Nxd5 9. Nxd5 exd5 10. dxc5 Qa5+ 11. Qd2 Qxd2+ 12. Nxd2 Bxc5 13. O-O Nc6 14. Nb3 Be7 15. Rfd1 Be6 16. a3 Rfd8 17. Bc2 Rac8 18. Rd2 Rd7 19. Bd1 Rcd8 20. Bf3 h6 21. Nd4 Nxd4 22. exd4 Bd6 23. Bxd6 Rxd6 24. Rc1 Rc8 25. Rxc8+ Bxc8 26. h3 Bd7 27. Rc2 Rc6 28. Rxc6 Bxc6 29. g4 f6 30. Kf1 Kf7 31. Ke2 Ke6 32. b4 Bb5+ 33. Ke1 g5 34. Be2 Bc6 35. f3 f5 36. Kf2 fxg4 37. fxg4 Be8 38. Kg3 Kf6 39. Bf3 Bf7 40. Be2 Be6 41. Bf3 b6 42. Be2 a5 43. b5 Bf7 44. a4 Bg6 45. Bd1 Bd3 46. Kf2 Kg6 47. Kg3 Bb1 48. Kf2 h5 49. Kg3 hxg4 50. hxg4 Kf6 51. Kf3 Be4+ 52. Ke3 Ke6 53. Kf2 Bd3 54. Ke3 Bc4 55. Kd2 Ba2 56. Ke3 Bc4 57. Kd2 Bf1 58. Ke3 Bg2 59. Kf2 Be4 60. Ke3 Kd6 61. Kd2 1/2-1/2

[Event "Manitoba-ch reserves"]
[Site "Winnipeg CAN"]
[Date "1997.02.08"]
[Round "3"]
[White "Lauritson, Jim"]
[Black "Schulz, Manfred"]
[Result "1-0"]
[WhiteElo "2027"]
[BlackElo "1985"]
[PlyCount "113"]
[GameId "2160767911966510"]
[EventDate "1997.02.07"]
[EventType "swiss"]
[EventRounds "5"]
[EventCountry "CAN"]

1. e4 c5 2. Nf3 Nc6 3. d4 cxd4 4. Nxd4 Nf6 5. Nc3 e5 6. Ndb5 d6 7. Bg5 a6 8. Bxf6 gxf6 9. Na3 Bg7 10. Nc4 Nd4 11. Nd5 b5 12. Ncb6 Rb8 13. Nxc8 Rxc8 14. c3 Ne6 15. a4 Rb8 16. axb5 axb5 17. Ra7 O-O 18. Bd3 Kh8 19. O-O Nc5 20. Bc2 Ra8 21. Qa1 Na4 22. Rxa8 Qxa8 23. Bxa4 bxa4 24. Qa3 Qc6 25. Ra1 Ra8 26. b3 f5 27. bxa4 fxe4 28. Ne7 Qd7 29. Nd5 Qc6 30. Qb3 f5 31. a5 f4 32. c4 e3 33. fxe3 Qc5 34. Qb5 Qa7 35. Qb6 e4 36. Qxa7 Rxa7 37. Ra2 fxe3 38. a6 Bd4 39. Kf1 Rf7+ 40. Ke1 Bc5 41. Rb2 Rf2 42. Rxf2 exf2+ 43. Ke2 Kg7 44. Nc3 e3 45. Nb5 Kf6 46. a7 Bxa7 47. Nxa7 Ke5 48. Nb5 h6 49. g3 Ke6 50. Nc3 Ke5 51. Nd1 f1=Q+ 52. Kxf1 Kd4 53. Ke2 Kxc4 54. Nxe3+ Kc3 55. Nf5 d5 56. Nxh6 d4 57. Nf5 1-0

[Event "Manitoba-ch reserves"]
[Site "Winnipeg CAN"]
[Date "1997.02.08"]
[Round "3"]
[White "Lukic, Luka"]
[Black "Jackson, Greg"]
[Result "1/2-1/2"]
[WhiteElo "1950"]
[BlackElo "1711"]
[PlyCount "122"]
[GameId "2160767911966511"]
[EventDate "1997.02.07"]
[EventType "swiss"]
[EventRounds "5"]
[EventCountry "CAN"]

1. d4 Nf6 2. c4 g6 3. Nc3 Bg7 4. e4 d6 5. Nf3 O-O 6. Be2 Nbd7 7. Bg5 e5 8. d5 Nb6 9. Nd2 a5 10. a4 h6 11. Be3 Nh7 12. Qb3 f5 13. f3 Nd7 14. exf5 gxf5 15. O-O-O b6 16. Qc2 Nc5 17. Bxc5 bxc5 18. Bd3 Rb8 19. g4 Qf6 20. Nb5 Rb7 21. Nb3 Rb8 22. Rd2 Ng5 23. Rf1 Nh3 24. Nxc7 Rb4 25. Nb5 Rxa4 26. gxf5 Nf4 27. Be4 Ba6 28. Na3 Rb8 29. Qc3 Rbb4 30. Rc2 Qd8 31. Bd3 Qb6 32. Nd2 Kf7 33. Rg1 Bf6 34. Ne4 Rb3 35. Nxd6+ Kf8 36. Ne4 Nxd3+ 37. Qxd3 Rxd3 38. Rg6 Kf7 39. Rxf6+ Qxf6 40. Nxf6 Kxf6 41. Rg2 Kxf5 42. Rg8 Bxc4 43. Kc2 Rb3 44. Nxc4 Rxf3 45. Rf8+ Kg5 46. Rxf3 Rxc4+ 47. Kb3 Rd4 48. Rf2 Rxd5 49. Kc4 Rd4+ 50. Kxc5 Kg4 51. Rg2+ Kf3 52. Rg3+ Kf2 53. Rh3 Rd2 54. Rxh6 Rxb2 55. Kd5 Rb5+ 56. Ke4 Kg2 57. Rh8 a4 58. h4 Ra5 59. Rc8 a3 60. Rc1 Ra4+ 61. Kxe5 Rxh4 1/2-1/2

[Event "Manitoba-ch reserves"]
[Site "Winnipeg CAN"]
[Date "1997.02.08"]
[Round "3"]
[White "Ott, Richard"]
[Black "Gibson, Kris"]
[Result "0-1"]
[WhiteElo "1450"]
[BlackElo "1809"]
[PlyCount "68"]
[GameId "2160767911966512"]
[EventDate "1997.02.07"]
[EventType "swiss"]
[EventRounds "5"]
[EventCountry "CAN"]

1. d4 Nf6 2. c4 c5 3. d5 b5 4. cxb5 a6 5. b6 Qxb6 6. Nc3 Bb7 7. e4 e6 8. a4 exd5 9. exd5 Be7 10. a5 Qc7 11. Bc4 O-O 12. Nf3 Bd6 13. O-O Ng4 14. g3 Ne5 15. Nxe5 Bxe5 16. Re1 d6 17. Ne4 Nd7 18. f4 Bd4+ 19. Be3 Bxb2 20. Ra2 Nf6 21. Rxb2 Nxe4 22. Qd3 Qxa5 23. Reb1 Nxg3 24. Bd2 Qd8 25. Rxb7 Nh5 26. Qa3 Qf6 27. Bc3 Qg6+ 28. Kh1 Qe4+ 29. Kg1 Qxc4 30. Ba1 Nxf4 31. Qf3 Rae8 32. Rf1 Qxd5 33. Qxf4 Qxb7 34. Qg3 f6 0-1

[Event "Manitoba-ch reserves"]
[Site "Winnipeg CAN"]
[Date "1997.02.08"]
[Round "3"]
[White "Roque, Rodolfo"]
[Black "Schulz, Waldemar"]
[Result "1/2-1/2"]
[WhiteElo "1948"]
[BlackElo "2009"]
[PlyCount "68"]
[GameId "2160767911966513"]
[EventDate "1997.02.07"]
[EventType "swiss"]
[EventRounds "5"]
[EventCountry "CAN"]

1. d4 Nf6 2. c4 g6 3. Nc3 d5 4. cxd5 Nxd5 5. e4 Nxc3 6. bxc3 Bg7 7. Ba3 O-O 8. Qd2 b6 9. Rd1 c5 10. Nf3 Bb7 11. d5 Qc7 12. Bb2 Rd8 13. c4 e5 14. h4 Nc6 15. Bd3 Nd4 16. Bxd4 cxd4 17. Qg5 h6 18. Qg3 Qe7 19. O-O Rac8 20. Nd2 Kh7 21. f4 f6 22. Rf2 Rf8 23. h5 g5 24. f5 Ba6 25. Be2 Rc7 26. Qb3 Rd8 27. Qa4 Bc8 28. Rf3 Bf8 29. Rb1 Qd7 30. Qb3 Ba6 31. Kh2 Rc5 32. Rb2 Bd6 33. Qd1 Rc7 34. Qb3 Rc5 1/2-1/2